| 000 | 00561nam a22002057a 4500 | ||
|---|---|---|---|
| 003 | Ost | ||
| 005 | 20260311030550.0 | ||
| 008 | 260311b |||||||| |||| 00| 0 eng d | ||
| 020 | _a9789385039744 | ||
| 040 | _cBT-PhCST | ||
| 050 | _a25682-25691 | ||
| 082 |
_222 _a333.33 _bRAN |
||
| 100 | _aRangwala, S. C. | ||
| 245 | _aValuation of real properties / | ||
| 260 |
_aIndia : _bCharotar, Publishing House Private Limited, _cc2024. |
||
| 300 |
_axvi, 560 p. : _bill. ; _c24 cm. |
||
| 500 | _aIncludes index. | ||
| 700 | _aDalal, Ketki B. | ||
| 942 |
_2ddc _cAE |
||
| 999 |
_c10173 _d10173 |
||